000 005630000a22002050004500
003 LK-CoMWRAF
005 20231111013653.0
008 230817t1999 ||||| |||| 00| 0 eng d
020 _a9555991669
040 _aLK-CoMWRAF
_dLK-CoMWRAF
_eLK-CoMWRAF
041 _aeng
082 _a340.59
_bWEE
100 _aWeeramantry, C.G
245 _aIslamic Jurisprudence:
_ban international perspective
260 _aColombo:
_bVishva Lekha,
_c1999
300 _axix, 207 p. ; 23 cm.
650 _aISLAMIC LAW
650 _a International law (Islamic law)
942 _cBK
999 _c128
_d128